000 00705nam a22002177a 4500
003 UA-OsUOA
001 81902
007 ta
008 20120209b un ||||| |||| 00| 0 ukr d
100 _aЗахожай К.В.
090 _a330(477)
_bЗ-38
942 _cSA
040 _aUA-OsUOA
_bukr
_cUA-OsUOA
_dUA-OsUOA
245 _aМетодика факторного аналізу динаміки коефіцієнта дефіцитності Державного бюджету України
300 _aС.56-59
955 _a0
041 _aukr
080 _a330(477)
773 0 _w81893
_tСтатистика України
_dК.
_d2011
_g4
650 7 _a330 Економіка взагалі
_2UDC
999 _c368213
_d368213